[Event "25th Bunratty Masters"]
[Site "Bunratty IRL"]
[Date "2018.02.23"]
[Round "1.1"]
[White "Short, Nigel D"]
[Black "Delaney, Killian"]
[Result "1/2-1/2"]
[WhiteTitle "GM"]
[WhiteElo "2681"]
[BlackElo "2193"]
[WhiteFideId "400025"]
[BlackFideId "2501570"]
[EventDate "2018.02.23"]

1. c4 e5 2. Nc3 Nf6 3. Nf3 Nc6 4. g3 g6 5. d4 exd4 6. Nxd4 Bg7 7. Nxc6 dxc6 8.
Qxd8+ Kxd8 9. Bg5 Be6 10. Ne4 Ke7 11. e3 Rad8 12. Be2 h6 13. Bxf6+ Bxf6 14. Nxf6
Kxf6 15. f3 Rd7 16. Rd1 Rhd8 17. Rxd7 Rxd7 18. Rf1 h5 19. Rf2 a5 20. h4 Ke5 21.
Bf1 Kd6 22. Rc2 Kc5 23. Be2 f6 24. Rc3 b6 25. a3 g5 26. Rc1 Rg7 27. hxg5 fxg5
28. Kd2 h4 29. Kc3 a4 30. Rg1 h3 31. Rh1 g4 32. fxg4 Bxg4 33. Bxg4 Rxg4 34. Rxh3
Rxc4+ 35. Kd3 Rg4 36. e4 b5 37. Ke3 Kc4 38. Kf3 Rg7 39. Rh2 Kb3 40. e5 c5 41.
Ke4 b4 42. e6 bxa3 43. bxa3 c4 44. Rh8 c3 45. Rb8+ Kxa3 46. Kd3 Rxg3+ 47. Kc2
Re3 48. Rb7 Rxe6 49. Rxc7 Ka2 50. Rxc3 1/2-1/2

[Event "25th Bunratty Masters"]
[Site "Bunratty IRL"]
[Date "2018.02.23"]
[Round "1.2"]
[White "O'Gorman, Tom"]
[Black "Jones, Gawain C B"]
[Result "0-1"]
[WhiteTitle "FM"]
[BlackTitle "GM"]
[WhiteElo "2150"]
[BlackElo "2646"]
[WhiteFideId "2508249"]
[BlackFideId "409561"]
[EventDate "2018.02.23"]

1. e4 e5 2. Nf3 Nc6 3. Bb5 a6 4. Ba4 Nf6 5. O-O b5 6. Bb3 Bc5 7. c3 d6 8. a4 Rb8
9. d4 Bb6 10. a5 Ba7 11. h3 O-O 12. Be3 Ra8 13. Nbd2 h6 14. Re1 Re8 15. Qc2 exd4
16. Nxd4 Ne5 17. f4 c5 18. fxe5 cxd4 19. Bxd4 dxe5 20. Bxa7 Rxa7 21. Nf1 Rd7 22.
Re2 Bb7 23. Ng3 Rd3 24. Rd1 Rxd1+ 25. Qxd1 Qxa5 26. Qd6 Qd8 27. Rd2 Qxd6 28.
Rxd6 Bc8 29. Kf2 Kf8 30. Ke3 Ke7 31. Rd1 g6 32. Nf1 Nd7 33. Nd2 Nc5 34. Bd5 Na4
35. Nf3 Be6 36. Nxe5 Nxb2 37. Rd2 Bxd5 38. Rxd5 Rc8 39. Kd4 Ke6 40. h4 h5 41. g3
Na4 42. c4 bxc4 43. Nxc4 Rxc4+ 44. Kxc4 Nb6+ 45. Kc5 Nxd5 46. exd5+ Kd7 47. Kd4 0-1

[Event "25th Bunratty Masters"]
[Site "Bunratty IRL"]
[Date "2018.02.23"]
[Round "1.3"]
[White "McShane, Luke J"]
[Black "Pein, Jonathan"]
[Result "1-0"]
[WhiteTitle "GM"]
[WhiteElo "2643"]
[BlackElo "2177"]
[WhiteFideId "404853"]
[BlackFideId "417092"]
[EventDate "2018.02.23"]

1. e4 e5 2. Nf3 d6 3. d4 exd4 4. Nxd4 Nf6 5. Nc3 g6 6. g3 Bg7 7. Bg2 O-O 8. O-O
Re8 9. h3 Nc6 10. Be3 Bd7 11. Kh2 a6 12. Re1 Ne5 13. a4 c5 14. Nf3 Nc4 15. Bc1
Bc6 16. Nd2 Nxd2 17. Bxd2 Qc7 18. Bf4 Re6 19. Qd3 Nd7 20. Red1 Ne5 21. Nd5 Bxd5
22. Qxd5 Rb8 23. a5 Qc6 24. Ra2 Qb5 25. Bf1 Qe8 26. Bg2 Qb5 27. c3 h6 28. Bc1 c4
29. Bf1 Qb3 30. Ra1 Qc2 31. Kg2 Nc6 32. Bxc4 Qxe4+ 33. Qxe4 Rxe4 34. Bd5 Re7 35.
Bxc6 bxc6 36. Rxd6 Re1 37. Rxc6 Rbe8 38. Rxa6 Rd1 39. Rc6 Ree1 40. a6 1-0

[Event "25th Bunratty Masters"]
[Site "Bunratty IRL"]
[Date "2018.02.23"]
[Round "1.4"]
[White "Murray, David"]
[Black "Tiviakov, Sergei"]
[Result "0-1"]
[BlackTitle "GM"]
[WhiteElo "2150"]
[BlackElo "2569"]
[WhiteFideId "2501511"]
[BlackFideId "1008013"]
[EventDate "2018.02.23"]

1. e4 d5 2. exd5 Qxd5 3. Nc3 Qd6 4. d4 c6 5. Nf3 Bg4 6. h3 Bxf3 7. Qxf3 Qxd4 8.
Nb5 Qd7 9. Bf4 cxb5 10. Rd1 Qc6 11. Qb3 a6 12. Be2 e6 13. O-O Nf6 14. Bf3 Qc8
15. a4 bxa4 16. Qxa4+ Nc6 17. Rd6 Bxd6 18. Bxd6 Qd7 19. Rd1 O-O-O 20. c4 Ne5 21.
Qa5 Nxf3+ 22. gxf3 Qc6 23. c5 Nd5 24. b4 Rxd6 25. cxd6 Kd7 26. b5 axb5 27. Rxd5
exd5 0-1

[Event "25th Bunratty Masters"]
[Site "Bunratty IRL"]
[Date "2018.02.23"]
[Round "1.5"]
[White "Speelman, Jon S"]
[Black "Doggers, Peter"]
[Result "1/2-1/2"]
[WhiteTitle "GM"]
[WhiteElo "2503"]
[BlackElo "2171"]
[WhiteFideId "400033"]
[BlackFideId "1005774"]
[EventDate "2018.02.23"]

1. Nf3 Nf6 2. c4 g6 3. Nc3 Bg7 4. e4 d6 5. d4 O-O 6. h3 e5 7. d5 Na6 8. Be3 Nc5
9. Nd2 a5 10. g4 c6 11. Be2 a4 12. Kf1 Qa5 13. Rb1 Bd7 14. g5 Ne8 15. h4 f5 16.
h5 Nc7 17. h6 Bh8 18. Kg1 N7a6 19. Rh2 Nb4 20. Bxc5 Qxc5 21. a3 Na6 22. Nxa4 Qd4
23. Nf3 Qa7 24. dxc6 Bxc6 25. c5 d5 26. exd5 Bxa4 27. Qxa4 Qxc5 28. d6 Rfd8 29.
Qb3+ Kf8 30. Rd1 e4 31. Nh4 Be5 32. Rh3 Rxd6 33. Rxd6 Bxd6 34. Rc3 Qe5 35. Bxa6
bxa6 36. Qb7 Rb8 37. Rc8+ Rxc8 38. Qxc8+ Ke7 39. Kf1 Qb5+ 40. Ke1 Qxb2 41. Nxf5+
gxf5 42. Qxf5 Qb1+ 43. Ke2 Qd3+ 44. Ke1 Qb1+ 1/2-1/2

[Event "25th Bunratty Masters"]
[Site "Bunratty IRL"]
[Date "2018.02.23"]
[Round "1.6"]
[White "Rawlinson, Aidan M"]
[Black "Collins, Sam E."]
[Result "0-1"]
[BlackTitle "IM"]
[WhiteElo "2168"]
[BlackElo "2464"]
[WhiteFideId "413496"]
[BlackFideId "2501198"]
[EventDate "2018.02.23"]

1. d4 Nf6 2. c4 g6 3. g3 Bg7 4. Bg2 O-O 5. Nf3 d6 6. Nc3 Nc6 7. O-O e5 8. d5 Nb8
9. e4 a5 10. Ne1 Na6 11. a3 Nc5 12. b3 a4 13. b4 Nb3 14. Ra2 Bd7 15. h3 Nxc1 16.
Qxc1 Nh5 17. Qd1 Qe8 18. b5 f5 19. Kh2 Nf4 20. Nxa4 Nxg2 21. Nxg2 f4 22. Nc3 h5
23. f3 fxg3+ 24. Kxg3 Bh6 25. a4 Kh7 26. Ne2 b6 27. a5 Rxa5 28. Rxa5 bxa5 29.
Qe1 Qa8 30. Qc3 Qa7 31. Ra1 Ra8 32. Ra4 Qb6 33. Nc1 Qg1 34. Ne2 h4+ 0-1

[Event "25th Bunratty Masters"]
[Site "Bunratty IRL"]
[Date "2018.02.23"]
[Round "1.7"]
[White "Hebden, Mark L"]
[Black "O'Connor, Jonathan"]
[Result "1-0"]
[WhiteTitle "GM"]
[WhiteElo "2454"]
[BlackElo "2234"]
[WhiteFideId "400084"]
[BlackFideId "2501112"]
[EventDate "2018.02.23"]

1. d4 Nf6 2. Nf3 e6 3. e3 c5 4. c4 d5 5. cxd5 exd5 6. Bb5+ Bd7 7. Bxd7+ Nbxd7 8.
dxc5 Bxc5 9. O-O O-O 10. Nc3 Nb6 11. b3 Qe7 12. Bb2 Rad8 13. Nb5 a6 14. Nbd4 g6
15. Rc1 Ba3 16. Bxa3 Qxa3 17. Rc7 Rd7 18. Rc2 Qd6 19. Ne2 Rc8 20. Rxc8+ Nxc8 21.
Qd4 Ne7 22. Rc1 Nc6 23. Qc5 Qxc5 24. Rxc5 Ne4 25. Rc1 f6 26. Nfd4 Nxd4 27. Nxd4
Kf7 28. Kf1 h5 29. Ke2 Ke7 30. f3 Nd6 31. Kd2 Nf7 32. Ne2 Ne5 33. Rc8 g5 34. Ng3
h4 35. Nf5+ Ke6 36. Nd4+ Kf7 37. h3 Ke7 38. Kc3 Kd6 39. Re8 Rc7+ 40. Kd2 Rf7 41.
a4 Kd7 42. Rg8 Nc6 43. Nf5 Ke6 44. Nh6 Rh7 45. Ng4 Rf7 46. f4 gxf4 47. exf4 Nd4
48. b4 Nf5 49. Kd3 Rg7 50. Re8+ Re7 51. Rf8 Rf7 52. Rc8 Re7 53. Rc5 Rd7 54. Rc2
Ng3 55. b5 axb5 56. axb5 Nf5 57. Rc8 Rg7 58. b6 1-0

[Event "25th Bunratty Masters"]
[Site "Bunratty IRL"]
[Date "2018.02.23"]
[Round "1.8"]
[White "Marquardt, Christian"]
[Black "Williams, Simon K"]
[Result "1/2-1/2"]
[BlackTitle "GM"]
[WhiteElo "2115"]
[BlackElo "2453"]
[WhiteFideId "4647866"]
[BlackFideId "404454"]
[EventDate "2018.02.23"]

1. c4 f5 2. Nc3 Nf6 3. g3 d6 4. Bg2 e5 5. d3 Be7 6. e4 c6 7. Nge2 O-O 8. O-O Na6
9. f4 Qb6+ 10. Kh1 Ng4 11. d4 exd4 12. Qxd4 Nb4 13. Qxb6 axb6 14. Bd2 Nc2 15.
Rac1 Nce3 16. Bxe3 Nxe3 17. Rfe1 Nxg2 18. Kxg2 fxe4 19. Nd4 Bf6 20. Rcd1 g5 21.
fxg5 Bxg5 22. Nxe4 Be7 23. Nc3 Bf6 24. h3 Be5 25. a3 h5 26. Rd3 Rf6 27. Nf3 Bxc3
28. Rxc3 Be6 29. Ng5 Bd7 30. Re7 Rd8 31. Rf3 Rxf3 32. Kxf3 c5 33. Nh7 Bxh3 34.
Nf6+ Kf8 35. Rxb7 Be6 36. Nh7+ Kg8 37. Nf6+ Kf8 1/2-1/2

[Event "25th Bunratty Masters"]
[Site "Bunratty IRL"]
[Date "2018.02.23"]
[Round "1.9"]
[White "Wells, Peter K"]
[Black "Maroroa, Sue"]
[Result "1/2-1/2"]
[WhiteTitle "GM"]
[BlackTitle "WIM"]
[WhiteElo "2427"]
[BlackElo "2102"]
[WhiteFideId "400327"]
[BlackFideId "4301498"]
[EventDate "2018.02.23"]

1. e4 e5 2. Nf3 Nc6 3. Bb5 a6 4. Bxc6 dxc6 5. O-O Bg4 6. h3 Bh5 7. g4 Bg6 8.
Nxe5 Qh4 9. Qf3 f6 10. Nxg6 hxg6 11. Kg2 Ne7 12. Qg3 Qh7 13. f4 g5 14. fxg5
Qxe4+ 15. Qf3 Qh7 16. Nc3 O-O-O 17. Ne4 Ng6 18. Kg1 Nh4 19. Qe2 Re8 20. d3 Bc5+
21. Kh2 Nf5 22. Qg2 Nh4 23. Qe2 Nf5 24. Qg2 Nh4 25. Qe2 1/2-1/2

[Event "25th Bunratty Masters"]
[Site "Bunratty IRL"]
[Date "2018.02.23"]
[Round "1.10"]
[White "Moran, Stephen"]
[Black "Baburin, Alexander"]
[Result "1/2-1/2"]
[BlackTitle "GM"]
[WhiteElo "2127"]
[BlackElo "2458"]
[WhiteFideId "2501872"]
[BlackFideId "2500914"]
[EventDate "2018.02.23"]

1. d4 d5 2. c4 dxc4 3. e4 Nc6 4. Nf3 Bg4 5. Bxc4 e6 6. Bb5 Bb4+ 7. Nc3 Ne7 8.
Be3 O-O 9. O-O f5 10. exf5 Nxf5 11. Be2 Kh8 12. Qb3 Bxf3 13. Bxf3 Nfxd4 14. Bxd4
Qxd4 15. Rad1 Qb6 16. Bxc6 Bxc3 17. Qxc3 bxc6 18. Rd7 Rf6 19. Qg3 Rg8 20. Qxc7
Qxb2 21. h3 Rff8 22. Qxa7 Ra8 23. Qc5 Rxa2 24. Qxc6 Ra1 1/2-1/2

[Event "25th Bunratty Masters"]
[Site "Bunratty IRL"]
[Date "2018.02.23"]
[Round "1.11"]
[White "Wallace, John Paul"]
[Black "Melaugh, Shane"]
[Result "1-0"]
[WhiteTitle "IM"]
[WhiteElo "2411"]
[BlackElo "2103"]
[WhiteFideId "3200957"]
[BlackFideId "2509580"]
[EventDate "2018.02.23"]

1. Nf3 f5 2. g3 Nf6 3. Bg2 d6 4. d4 e6 5. O-O Be7 6. b4 O-O 7. Bb2 d5 8. a3 Nbd7
9. Nbd2 Bd6 10. c4 c6 11. Qc2 Ne4 12. Nb3 Ndf6 13. Ne5 Bd7 14. Nc1 dxc4 15. Nxc4
Bc7 16. Nd3 Qe7 17. Rad1 Rad8 18. Qb3 Nd6 19. Nce5 Nf7 20. Nxd7 Nxd7 21. Rfe1
Kh8 22. e4 fxe4 23. Rxe4 Ng5 24. Re3 Rfe8 25. f4 Nf7 26. Rde1 Nf8 27. f5 e5 28.
dxe5 Bb6 29. Nc5 Bxc5 30. bxc5 Nh6 31. f6 Qe6 32. fxg7+ Kxg7 33. Qxb7+ Re7 34.
Qxc6 Nf5 35. R3e2 Nd4 36. Bxd4 Rxd4 37. Qf3 Ng6 38. c6 Rf7 39. Qe3 Ra4 40. Qc5
Rc4 41. Qd5 Qg4 42. Re4 Rxe4 43. Qxe4 Qe6 44. Qd5 Qf5 45. Rf1 1-0

[Event "25th Bunratty Masters"]
[Site "Bunratty IRL"]
[Date "2018.02.23"]
[Round "1.12"]
[White "Wolferink, Frans"]
[Black "Bates, Richard A"]
[Result "0-1"]
[BlackTitle "IM"]
[WhiteElo "2086"]
[BlackElo "2364"]
[WhiteFideId "1003917"]
[BlackFideId "403555"]
[EventDate "2018.02.23"]

1. e4 c5 2. Nf3 d6 3. d4 cxd4 4. Nxd4 Nf6 5. Nc3 a6 6. g3 e5 7. Nde2 Nbd7 8. Bg2
b5 9. Nd5 Nxd5 10. Qxd5 Nb6 11. Qd3 Be6 12. Nc3 Be7 13. Nd5 Nxd5 14. exd5 Bd7
15. f4 exf4 16. Bxf4 O-O 17. O-O Bg5 18. Qd2 Bxf4 19. Qxf4 Qb6+ 20. Kh1 Rac8 21.
Rae1 Rc4 22. Re4 Rxe4 23. Bxe4 b4 24. h4 f5 25. Bd3 Qc5 26. Kh2 Bb5 27. Bxf5
Rxf5 28. Qxf5 Bxf1 29. Qxf1 Qxc2+ 30. Qg2 Qd3 31. Qh3 Qd2+ 32. Qg2 Qd3 33. Qh3
Qxd5 34. Qc8+ Kf7 35. Qd7+ Kf6 36. Qd8+ Kf5 37. Qg5+ Ke4 38. Qxg7 h5 39. Qg6+
Kf3 40. Qf6+ Ke2 41. Qg5 Qf3 42. Qf4 d5 43. Qxb4 Kf1 44. Qf4 Qf2+ 45. Kh3 Kg1
46. Qc1+ Qf1+ 47. Qxf1+ Kxf1 48. g4 d4 49. gxh5 d3 50. h6 d2 51. h7 d1=Q 52.
h8=Q Qf3+ 0-1

[Event "25th Bunratty Masters"]
[Site "Bunratty IRL"]
[Date "2018.02.23"]
[Round "1.13"]
[White "Heidenfeld, Mark"]
[Black "Davey, Mark"]
[Result "1-0"]
[WhiteTitle "IM"]
[WhiteElo "2356"]
[BlackElo "1990"]
[WhiteFideId "2500990"]
[BlackFideId "404730"]
[EventDate "2018.02.23"]

1. e4 c5 2. Nf3 Nc6 3. Bb5 d6 4. O-O e5 5. c3 a6 6. Bxc6+ bxc6 7. d4 Qc7 8. dxe5
dxe5 9. Nbd2 Ne7 10. Nb3 Ng6 11. Be3 c4 12. Nbd2 f6 13. Nxc4 Be6 14. Qa4 Be7 15.
Nb6 Rb8 16. Qxa6 O-O 17. a4 f5 18. exf5 Rxf5 19. a5 Rbf8 20. Nd2 Bg5 21. Ne4
Bxe3 22. fxe3 Ne7 23. Nc5 Qd6 24. Nxe6 Qxe6 25. Qc4 Rxf1+ 26. Rxf1 Rxf1+ 27.
Kxf1 Nd5 28. Ke1 e4 29. a6 Kf7 30. Nxd5 cxd5 31. Qc7+ Kg6 32. Qb7 Qf6 33. a7
Qh4+ 34. Kf1 Qxh2 35. Qc6+ Kf7 36. Qxd5+ Kf6 37. Qxe4 Qh1+ 38. Kf2 Qc1 39. a8=Q
Qd2+ 40. Kg3 1-0

[Event "25th Bunratty Masters"]
[Site "Bunratty IRL"]
[Date "2018.02.23"]
[Round "1.14"]
[White "Kennedy, John"]
[Black "Rendle, Thomas E"]
[Result "0-1"]
[BlackTitle "IM"]
[WhiteElo "2102"]
[BlackElo "2359"]
[WhiteFideId "2501120"]
[BlackFideId "408760"]
[EventDate "2018.02.23"]

1. Nf3 f5 2. e4 fxe4 3. Ng5 Nc6 4. d3 e3 5. Bxe3 e5 6. c3 Nf6 7. Be2 Be7 8. h4
d5 9. g4 Qd6 10. Na3 a6 11. Qa4 O-O 12. O-O-O Bd7 13. Qc2 Nxg4 14. Bxg4 Bxg4 15.
Rdg1 Bf5 16. f3 b5 17. b4 h6 18. Qg2 hxg5 19. hxg5 Qg6 20. Qf2 d4 21. Rh6 dxe3
22. Qh2 gxh6 23. gxh6 Kh7 24. Rxg6 Bxg6 25. Qg2 Rad8 26. f4 exf4 27. Qxc6 f3 28.
Qxc7 Rf7 0-1

[Event "25th Bunratty Masters"]
[Site "Bunratty IRL"]
[Date "2018.02.23"]
[Round "1.15"]
[White "Pein, Malcolm"]
[Black "Fegan, Chris"]
[Result "1-0"]
[WhiteTitle "IM"]
[WhiteElo "2346"]
[BlackElo "2034"]
[WhiteFideId "400289"]
[BlackFideId "410047"]
[EventDate "2018.02.23"]

1. Nf3 Nf6 2. c4 d6 3. d4 Bg4 4. Nc3 Nc6 5. d5 Bxf3 6. exf3 Ne5 7. Qb3 Rb8 8.
Be3 c5 9. Qa4+ Nfd7 10. Qxa7 Nb6 11. Qa5 g6 12. Qb5+ Nbd7 13. Be2 f5 14. f4 Ng4
15. Bxg4 fxg4 16. h3 gxh3 17. Rxh3 Bg7 18. Ne4 Qb6 19. O-O-O Qxb5 20. cxb5 Ra8
21. a3 Ra5 22. Bd2 Rxb5 23. Bc3 Bxc3 24. Nxc3 Ra5 25. Re1 Nb6 26. Reh1 h5 27. f5
gxf5 28. Rxh5 Rf8 29. Rh8 Rxh8 30. Rxh8+ Kf7 31. Rb8 Ra7 32. Nb5 Ra5 33. Nxd6+
exd6 34. Rxb7+ Kf6 35. Rxb6 Ke5 36. Kc2 Kxd5 37. Rb8 Ra4 38. Rf8 Ke5 39. g3 d5
40. Re8+ Kd4 41. Rf8 Ke5 42. f4+ 1-0

[Event "25th Bunratty Masters"]
[Site "Bunratty IRL"]
[Date "2018.02.23"]
[Round "1.16"]
[White "Vogel, Constantin"]
[Black "Vuilleumier, Alexandre"]
[Result "0-1"]
[BlackTitle "IM"]
[WhiteElo "2026"]
[BlackElo "2345"]
[WhiteFideId "12960071"]
[BlackFideId "1305662"]
[EventDate "2018.02.23"]

1. c4 e5 2. g3 Nf6 3. Bg2 h6 4. Nc3 Bb4 5. Qc2 O-O 6. a3 Bxc3 7. Qxc3 Re8 8. d3
d5 9. cxd5 Nxd5 10. Qb3 c6 11. Nf3 a5 12. e4 a4 13. Qc2 Nc7 14. Be3 Bg4 15. Nd2
Nb5 16. h3 Be6 17. O-O Na6 18. Kh2 Nac7 19. f4 exf4 20. gxf4 f5 21. Nc4 Nd4 22.
Qf2 Nb3 23. Rad1 Nb5 24. Ne5 N5d4 25. Rg1 Ra5 26. exf5 Bxf5 27. Be4 Rf8 28. Qg3
Qc7 29. Rg2 Rxe5 30. fxe5 Bxe4 31. dxe4 Rf3 32. Qxg7+ Qxg7 33. Bxd4 Nxd4 34.
Rxg7+ Kxg7 35. Rxd4 Rf2+ 36. Kg3 Rxb2 37. Rxa4 Kf7 38. Kf4 Ke6 39. Rd4 Rf2+ 40.
Kg3 Ra2 41. a4 Kxe5 42. Rb4 c5 43. Rxb7 Kxe4 44. Rh7 c4 45. Rxh6 c3 46. Rc6 Kd3
47. h4 Rxa4 48. h5 c2 49. h6 Ra6 50. Rc8 Rxh6 51. Kf2 Rh1 0-1

[Event "25th Bunratty Masters"]
[Site "Bunratty IRL"]
[Date "2018.02.23"]
[Round "1.17"]
[White "L'Ami, Alina"]
[Black "Rush, Stephen"]
[Result "1-0"]
[WhiteTitle "IM"]
[WhiteElo "2310"]
[BlackElo "2025"]
[WhiteFideId "1210246"]
[BlackFideId "2512173"]
[EventDate "2018.02.23"]

1. d4 e6 2. c4 Bb4+ 3. Bd2 Bxd2+ 4. Qxd2 Nf6 5. Nc3 O-O 6. e3 d5 7. Nf3 b6 8.
cxd5 Nxd5 9. Bd3 Bb7 10. Rc1 h6 11. Nxd5 Bxd5 12. Qc2 c5 13. e4 Bb7 14. dxc5
bxc5 15. O-O Nd7 16. Rfd1 Qb6 17. Nd2 Rfd8 18. Nc4 Qc7 19. Qc3 Rac8 20. Bb1 Nf6
21. e5 Rxd1+ 22. Rxd1 Qc6 23. f3 Nd5 24. Qd3 g6 25. Nd6 Ba6 26. Qe3 Rb8 27. Qxh6
Ne7 28. Ne4 1-0

[Event "25th Bunratty Masters"]
[Site "Bunratty IRL"]
[Date "2018.02.23"]
[Round "1.18"]
[White "Fox, Anthony"]
[Black "O'Donnell, Conor"]
[Result "1/2-1/2"]
[BlackTitle "FM"]
[WhiteElo "2038"]
[BlackElo "2318"]
[WhiteFideId "2500736"]
[BlackFideId "2504243"]
[EventDate "2018.02.23"]

1. e4 c5 2. c4 Nc6 3. Nc3 g6 4. g3 Bg7 5. Bg2 e6 6. Nge2 Nge7 7. O-O O-O 8. d3
a6 9. Be3 Nd4 10. Qd2 Rb8 11. Rab1 Nec6 12. Bh6 b5 13. Bxg7 Kxg7 14. Nxd4 cxd4
15. Ne2 d6 16. f4 bxc4 17. dxc4 Qb6 18. Kh1 f5 19. exf5 Rxf5 20. g4 Rf8 21. h3
Qc5 22. b3 Bb7 23. Rbd1 e5 24. f5 Nd8 25. Ng3 d5 26. Qg5 Nf7 27. Nh5+ Kg8 28.
Nf6+ Kg7 29. Nh5+ 1/2-1/2

[Event "25th Bunratty Masters"]
[Site "Bunratty IRL"]
[Date "2018.02.23"]
[Round "1.19"]
[White "Daly, Colm"]
[Black "Nettleton, Charlie B"]
[Result "0-1"]
[WhiteTitle "FM"]
[WhiteElo "2319"]
[BlackElo "2011"]
[WhiteFideId "2500434"]
[BlackFideId "419710"]
[EventDate "2018.02.23"]

1. Nf3 c5 2. g3 Nc6 3. Bg2 d5 4. O-O e5 5. d3 f6 6. c3 Be6 7. a3 Qd7 8. b4 O-O-O
9. Nbd2 g5 10. Qa4 Kb8 11. b5 Nce7 12. Nb3 Nc8 13. Na5 Nge7 14. Rb1 Nb6 15. Qc2
h5 16. c4 Bh3 17. Bxh3 Qxh3 18. e4 Ng6 19. exd5 g4 20. Ne1 h4 21. Qe2 f5 22. Bg5
Re8 23. Nc2 Bd6 24. Rfe1 hxg3 25. fxg3 f4 26. Qg2 Qh5 27. Bf6 Rhf8 28. Bh4 Nxh4
29. gxh4 g3 30. Re4 f3 31. Qxg3 Rg8 32. Kf2 Rxg3 33. hxg3 Nd7 34. Rh1 Nf6 35.
Ne3 Nxe4+ 36. dxe4 Rf8 37. Nb3 Qh7 38. Nd2 Bc7 39. Rc1 Ba5 40. Nb3 b6 41. Nxa5
bxa5 42. Nf5 Rxf5 43. exf5 Qxf5 44. Rc3 e4 45. Rb3 a4 46. Re3 Kc7 47. Re1 Kd6
48. Rh1 Qe5 49. Ke3 Qxg3 50. h5 Qg2 51. Rb1 Ke5 0-1

[Event "25th Bunratty Masters"]
[Site "Bunratty IRL"]
[Date "2018.02.23"]
[Round "1.20"]
[White "Hayes, Peter J."]
[Black "Fitzsimons, David"]
[Result "1-0"]
[BlackTitle "FM"]
[WhiteElo "2079"]
[BlackElo "2330"]
[WhiteFideId "2502569"]
[BlackFideId "2501961"]
[EventDate "2018.02.23"]

1. Nf3 g6 2. c4 Bg7 3. Nc3 Nf6 4. e4 d6 5. d4 O-O 6. Be2 c5 7. O-O Re8 8. h3
cxd4 9. Nxd4 b6 10. Be3 Bb7 11. Qc2 Nbd7 12. Rfd1 a6 13. Rac1 Rc8 14. Qb1 Qc7
15. Nd5 Qb8 16. Nc3 e6 17. Nb3 Ne5 18. Rd4 Rc6 19. f4 Ned7 20. Rd2 Bf8 21. Bf1
Rc7 22. Re1 Qa8 23. Bf2 Bh6 24. g3 e5 25. Rxd6 exf4 26. e5 Nxe5 27. Rxe5 Rxe5
28. Rxf6 fxg3 29. Bxg3 Rg5 30. Kh2 Qd8 31. Rd6 Rd7 32. Rxd7 Qxd7 33. Qd3 Bc6 34.
Qxd7 Bxd7 35. Nd5 Bg7 36. Nxb6 Bc6 37. c5 Bxb2 38. Bxa6 Be5 39. Bxe5 Rg2+ 40.
Kh1 Rg3+ 41. Kh2 Rg2+ 42. Kh1 Rxa2+ 43. Kg1 Rxa6 44. Nd4 Be4 45. Kf2 Kf8 46. Bf6
Ke8 47. Nb5 Ra2+ 48. Ke3 Bg2 49. Nd6+ Kf8 50. Nd7+ Kg8 51. h4 Ra6 52. Nc8 h5 53.
Ne7+ Kh7 1-0

[Event "25th Bunratty Masters"]
[Site "Bunratty IRL"]
[Date "2018.02.23"]
[Round "1.21"]
[White "Short, Philip M"]
[Black "Bourached, Anthony"]
[Result "0-1"]
[WhiteTitle "FM"]
[WhiteElo "2333"]
[BlackElo "1991"]
[WhiteFideId "2500086"]
[BlackFideId "2504456"]
[EventDate "2018.02.23"]

1. d4 Nf6 2. c4 e6 3. Nc3 Bb4 4. Nf3 O-O 5. Bg5 h6 6. Bh4 c5 7. e3 cxd4 8. exd4
d5 9. cxd5 Qa5 10. Bxf6 Bxc3+ 11. bxc3 Qxc3+ 12. Nd2 gxf6 13. Rc1 Qxd4 14. Rc4
Qxd5 15. Rg4+ Kh7 16. Bc4 Qe5+ 17. Re4 Qb2 18. O-O f5 19. Rh4 Qf6 20. Rh3 Nc6
21. Nf3 Rg8 22. Qd6 Na5 23. Be2 b6 24. Ne5 Bb7 25. Bf3 Bxf3 26. Rxf3 Rad8 27.
Nd7 Qh4 28. Rd1 Nc4 29. Qc7 Qe7 0-1

[Event "25th Bunratty Masters"]
[Site "Bunratty IRL"]
[Date "2018.02.23"]
[Round "1.22"]
[White "Mulligan, Scott"]
[Black "Belenkaya, Dina"]
[Result "0-1"]
[BlackTitle "WGM"]
[WhiteElo "1984"]
[BlackElo "2286"]
[WhiteFideId "2507498"]
[BlackFideId "24142654"]
[EventDate "2018.02.23"]

1. e4 c6 2. d4 d5 3. Nc3 dxe4 4. Nxe4 Bf5 5. Nc5 b6 6. Nb3 e6 7. Nf3 Nd7 8. g3
Ngf6 9. Bg2 Qc7 10. Bf4 Bd6 11. Bxd6 Qxd6 12. O-O O-O 13. c3 b5 14. Qe2 Be4 15.
Rad1 a5 16. Nbd2 Bd5 17. b3 a4 18. c4 Bxf3 19. Nxf3 Rfb8 20. Ne5 Ra6 21. c5 Qc7
22. bxa4 Nxe5 23. Qxe5 Qxe5 24. dxe5 Nd5 25. axb5 Rxb5 26. Rb1 Raa5 27. Rxb5
Rxb5 28. Bxd5 exd5 29. Rc1 Kf8 30. Rc2 Ke7 31. f4 Ke6 32. Kf2 d4 33. Ke2 Kd5 34.
Kd3 Ra5 35. Kd2 Ra3 36. Ke1 g6 37. Re2 Kxc5 38. g4 d3 39. Rb2 Kd4 40. Rb4+ Ke3
41. f5 Rxa2 42. Rb1 Rxh2 0-1

[Event "25th Bunratty Masters"]
[Site "Bunratty IRL"]
[Date "2018.02.23"]
[Round "1.23"]
[White "Connell, Blair N"]
[Black "Manojlovic, Mihailo"]
[Result "0-1"]
[WhiteElo "2234"]
[BlackElo "2055"]
[WhiteFideId "403725"]
[BlackFideId "2507633"]
[EventDate "2018.02.23"]

1. e4 e6 2. d4 d5 3. e5 c5 4. c3 Qb6 5. Nf3 Bd7 6. Qb3 Nc6 7. Be3 Qxb3 8. axb3
cxd4 9. Bxd4 f6 10. Nbd2 Be7 11. Bd3 Nh6 12. O-O Nf7 13. Rfe1 O-O 14. Re2 fxe5
15. Bxe5 Nfxe5 16. Nxe5 Nxe5 17. Rxe5 Bd6 18. Ree1 e5 19. b4 Bf5 20. Bxf5 Rxf5
21. Ra5 e4 22. Nf1 Raf8 23. Ne3 Rxf2 24. Rxd5 Bc7 25. Nc4 e3 26. Nxe3 Bb6 27.
Re5 Rxb2 28. c4 Rxb4 29. c5 Rb5 30. Rc1 Rc8 31. Kf1 Rbxc5 32. Rcxc5 Rxc5 33. Re7
Rc1+ 34. Ke2 Bxe3 35. Rxe3 Rc2+ 36. Kf3 Kf7 37. Rd3 Rc7 38. Ke4 Ke6 39. Re3 b5
40. Ra3 Kd6 41. Kd4 Rc4+ 42. Kd3 Ra4 43. Rc3 Ra2 44. Ke4 Rxg2 45. Ra3 Rxh2 46.
Rxa7 g6 47. Kd4 Rh4+ 48. Kd3 b4 49. Ra5 Rh3+ 50. Kd4 b3 51. Rb5 Ke6 52. Ke4 Kf6
53. Kf4 h5 54. Rb6+ Kg7 55. Kg5 Rg3+ 56. Kf4 Rg4+ 57. Kf3 Kh6 58. Rxb3 Kg5 59.
Rb5+ Kh4 0-1